| 000 | 02179nam a2200289Ia 4500 | ||
|---|---|---|---|
| 999 |
_c37503 _d37503 |
||
| 001 | 3466 | ||
| 003 | GE_BSU | ||
| 005 | 20250424121455.0 | ||
| 008 | 181216s2008||||ge |||||||||||||| ||geo|| | ||
| 040 | _cGE_BSU | ||
| 041 | _ageo | ||
| 080 | _a633/635(035) ს–36 | ||
| 245 |
_aსახელმძღვანელო ცნობარი ფერმერთათვის : _bმიზნობრივი პროგრამა ,,რეგიონის ფერმერთა სწავლება –კონსულტირება და მათი უზრუნველყოფა სახელმძღ. საცნობარო ლიტერატურით" . სახლმძღვანელო შედგენილია შოთა რუსთაველის სახ. უნ–ტის სას– სამ. ფაკ–ის და ბიზნესის უმაღლესი სკოლის მიერ _cავტორები : ი. ძირკვაძე, რ. ბერიძე, ს. ბრიძე, ლ. ებრალიძე, შ. ლომინაძე, ზ. მახარაძე; აჭარის ავტ. რესპ. სოფლის მეურნეობის სამინისტრო. |
||
| 264 |
_aბათუმი, _c2008. |
||
| 300 |
_a80 გვ. ; _b20 სმ. |
||
| 504 | _aბიბლიოგრ. გვ. 79-80 | ||
| 653 | _aცნობარი ფერმერთათვის | ||
| 653 | _aსოფლის მეურნეობა | ||
| 700 |
_aძირკვაძე, ი. _eავტორი _91806 |
||
| 700 |
_aბერიძე, ს. _eავტორი _94963 |
||
| 700 |
_aბერიძე, რ. _eავტორი _91808 |
||
| 700 |
_aებრალიძე, ლ. _eავტორი _91797 |
||
| 700 |
_aლომინაძე, შ. _eავტორი _922 |
||
| 700 |
_a მახარაძე, ზ. _eავტორი _924934 |
||
| 710 |
_aაჭარის ავტ. რესპ. სოფლის მეურნეობის სამინისტრო. _924935 |
||
| 942 |
_cBK _2udc |
||